Guess the footballer born in the year 1999 - Statistics

General Stats
  • This quiz has been taken 19 times
  • The average score is 9 of 16
Answer Stats
Picture Answer % Correct
Alexander Isak
100%
Cody Gakpo
93%
Ronald Araujo
87%
Trevoh Chalobah
87%
Ibrahima Konaté
80%
Moussa Diaby
80%
Alessandro Bastoni
73%
Matheus Cunha
73%
Joe Willock
67%
Edmond Tapsoba
60%
Bryan Mbeumo
53%
Boubacar Kamara
20%
Luis Sinisterra
20%
Pedro Porro
20%
Manor Solomon
13%
Flynn Downes
0%
No matching quizzes found
Score Distribution
Percent of People with Each Score
Percentile by Number Answered
Your Score History
You have not taken this quiz